000 00516cam a2200193ua 4500
001 6920
005 20260515114128.0
008 140307n ii |||gr||||Z||||||eng
040 _cMAIN
082 _a651
245 _aModern commercial correspondence
_cBy Naresh chandra Roychowdhury
250 _a2nd ed.
260 _aCalcutta:
_bBook agency pvt ltd.,
_c1975.
300 _ax,426p.
653 _aOffice services
653 _aCommercial correspondence
700 _aRoychowdhury,Naresh,
_eAuthor.,
942 _cBK
999 _c6061
_d6061